000 00822cam a22002411i 4500
003 SA-RiAUC
005 20250512051754.0
008 250511s1985 ba g f00000 ara c
040 _aSA-EnSBSSC
_bara
_cSA-RiAUC
_erda
043 _aa-ba---
082 0 4 _a953.7
_qSA-RiAUC
090 _a953.7
_bك ا ن
100 1 _aكانو، عبد اللطيف جاسم،
_d1935-
_eمؤلف.
245 1 0 _aعبر التاريخ /
_cعبد اللطيف جاسم كانو.
264 1 _aالمنامة :
_bوزارة الإعلام،
_c1985
300 _a146 صفحة ؛
_c24 سم
336 _aنص
_btxt
_2rdacontent
_3كتاب
337 _aبدون وسيط
_bn
_2rdamedia
338 _aمجلد
_bnc
_2rdacarrier
651 7 _aالبحرين
_xتاريخ
_2aucsh
942 _2ddc
_cBOOK
_n0
949 _aSA-JeALM
_d250511
_uosman123
_n1
999 _c7827
_d7827